Top 10 - Buteurs en Ligue 1 saison 17/18 - Statistiques

Statistiques générales
  • Ce quiz a été pris 51 fois
  • Le résultat moyen est 7 sur 10
Statistiques - réponses
Club Buts Joueur % Correct
Paris Saint-Germain 28 Edinson Cavani
98%
Paris Saint-Germain 19 Neymar
91%
Olympique de Marseille 22 Florian Thauvin
83%
Olympique Lyonnais 19 Memphis Depay
81%
Olympique Lyonnais 18 Nabil Fékir
74%
AS Monaco 18 Radamel Falcao
74%
OGC Nice 18 Mario Balotelli
64%
Olympique Lyonnais 18 Mariano Diaz
60%
Angers SCO 17 Karl Toko Ekambi
49%
OGC Nice 16 Alassane Pléa
30%
Aucun quiz correspondant
Distribution des résultats
% des personnes avec chaque résultat
Percentile par nombre de réponses
Votre historique - résultats
Vous n’avez pas pris ce quiz